[Event "1st Turkish League 2017"]
[Site "Konya"]
[Date "2017.07.22"]
[Round "8"]
[White "Oncu, Tugce"]
[Black "Yorgun, Yaren Naz"]
[Result "0-1"]
[WhiteElo "1664"]
[BlackElo "1733"]
[Annotator "NA"]
[PlyCount "70"]
[EventType "team-tourn"]
[EventCountry "TUR"]
[SourceTitle "playchess.com"]
[Source "ChessBase"]
[SourceQuality "1"]
[TimeControl "5400+30"]

1. e4 e6 2. d4 d5 3. Nc3 Bb4 4. e5 c5 5. Bd2 Ne7 6. Nb5 Bxd2+ 7. Qxd2 O-O 8. Nf3 a6 9. Nd6 cxd4 10. Nxd4 Nbc6 11. f4 Nxd4 12. Qxd4 Nc6 13. Qf2 f6 14. Qg3 fxe5 15. fxe5 Qa5+ 16. c3 Qb6 17. b3 Rd8 18. Nxc8 Raxc8 19. Kd2 d4 20. c4 Qa5+ 21. Kd1 Nxe5 22. b4 Qa4+ 23. Qb3 Qc6 24. Rc1 Ng4 25. Qg3 Ne3+ 26. Kd2 Qa4 27. Bd3 Qxb4+ 28. Ke2 Qb2+ 29. Kf3 Rf8+ 30. Ke4 Nf5 31. Qg4 Qb6 32. Rhe1 Nd6+ 33. Ke5 Qc5+ 34. Kxe6 Rce8+ 35. Kd7 Qc6# 0-1

[Event "1st Turkish League 2017"]
[Site "Konya"]
[Date "2017.07.23"]
[Round "9"]
[White "Lupulescu, Constantin"]
[Black "Eminov, Orkhan"]
[Result "1-0"]
[WhiteElo "2634"]
[BlackElo "2274"]
[Annotator "TA"]
[PlyCount "51"]
[EventType "team-tourn"]
[EventCountry "TUR"]
[SourceTitle "playchess.com"]
[Source "ChessBase"]
[SourceQuality "1"]

{[%evp 11,51,39,47,33,41,37,43,37,74,72,49,55,66,72,80,70,87,93,94,72,133,123,118,133,122,123,195,216,231,218,184,204,303,304,1420,1397,29991,1333,6327,6299,5701,5639]} 1. d4 Nf6 2. c4 g6 3. Nc3 Bg7 4. e4 d6 5. h3 Nbd7 6. Be3 O-O 7. g4 {E71: King's Indian: 4 e4 d6 5 h3} (7. Nf3 e5 8. d5 Nc5 9. Nd2 a5 10. g4 Nfd7 11. h4 f5 12. g5 Nb6 13. h5 Bd7 14. Qc2 Nba4 15. Nb5 fxe4 16. hxg6 hxg6 17. b3 Nd3+ 18. Bxd3 exd3 19. Qxd3 {0-1 (29) Postny,E (2658)-Fressinet,L (2702) Berlin 2015}) 7... e5 8. d5 Nc5 9. f3 {White is slightly better.} Ne8 10. Qd2 $146 ({Predecessor:} 10. h4 f5 11. gxf5 gxf5 12. Qd2 fxe4 13. fxe4 Nf6 14. h5 Ng4 15. O-O-O Nxe3 16. Qxe3 {0-1 (78) Radusinovic,L-Starcevic,G (2167) Obrenovac 2004}) 10... f5 11. exf5 gxf5 12. O-O-O a6 13. gxf5 Bxf5 {[#]} 14. h4 $1 {[%cal Bh3h4,Bh4h5,Bh5h6][%mdl 32]} b5 15. h5 b4 (15... e4 $142) 16. Ne4 $1 $16 Nxe4 17. fxe4 Bxe4 18. Bg2 Bxg2 (18... Bf5 $16 {keeps fighting.}) 19. Qxg2 $18 {And now h6 would win.} Kh8 20. h6 {[%mdl 1024] White has strong compensation.} Bf6 21. Nh3 Qd7 (21... Rg8 {is a better defense.} 22. Qf3 e4 23. Qxe4 Be5) 22. Rhg1 Qa4 $2 (22... c5 23. dxc6 Qe6) 23. Rdf1 {Intending Rxf6! and mate.} b3 {[#]} 24. axb3 (24. Rxf6 $142 $1 {[%mdl 512]} Qxc4+ (24... Nxf6 25. Qg7#) 25. Kb1 Qd3+ 26. Ka1 Qd1+ 27. Rxd1 Rxf6 28. Rf1 Rxf1+ 29. Qxf1 Ng7 30. Qf6 Rg8 31. Ng5 bxa2 32. Nf7#) 24... Qxb3 {[#]} 25. Rxf6 $1 {[%cal Rf6f8][%mdl 512]} Qxe3+ (25... Nxf6 26. Qg7#) 26. Kc2 {Precision: White = 90%, Black = 32%.} 1-0

[Event "1st Turkish League 2017"]
[Site "Konya"]
[Date "2017.07.23"]
[Round "9"]
[White "Parligras, Mircea-Emilian"]
[Black "Stankovic, Milos"]
[Result "1-0"]
[WhiteElo "2603"]
[BlackElo "2395"]
[Annotator "TA"]
[PlyCount "99"]
[EventType "team-tourn"]
[EventCountry "TUR"]
[SourceTitle "playchess.com"]
[Source "ChessBase"]
[SourceQuality "1"]

{[%evp 14,99,32,15,45,40,46,47,58,61,83,69,62,39,70,52,69,68,69,69,69,69,85,65,70,70,69,81,105,101,104,96,100,84,70,75,102,86,95,102,104,105,96,65,78,75,74,68,83,81,63,84,149,134,203,196,268,254,455,458,534,552,511,483,1448,1393,1506,1740,29976,29977,29977,29980,29982,29983,29983,29979,29979,29980,29980,29981,29982,29983,29983,29984,29984,29985,29984,29985]} 1. d4 Nf6 2. c4 g6 3. Nc3 d5 4. cxd5 Nxd5 5. e4 Nxc3 6. bxc3 Bg7 7. Nf3 c5 8. h3 Qa5 {D85: Exchange Grünfeld: Unusual White 7th moves and lines with 7 Nf3} (8... O-O 9. Be2 Nc6 10. Be3 f5 11. Qb3+ Kh8 12. Rd1 cxd4 13. Nxd4 Nxd4 14. Bxd4 Qc7 15. exf5 Bxf5 16. O-O Bxd4 17. Rxd4 Rac8 18. c4 {½-½ (30) Piorun,K (2638)-Areshchenko,A (2677) Poland 2017}) 9. Bd2 O-O 10. Be2 Nd7 $146 {White is slightly better.} ({Predecessor:} 10... Rd8 11. O-O Nc6 12. Rb1 cxd4 13. cxd4 Qxa2 14. d5 Ne5 15. Nxe5 Bxe5 16. Bb4 {1-0 (28) Bosch,J (2415)-Blees,A (2402) Netherlands 2000}) 11. O-O e5 12. a4 Qc7 {[%cal Re5d4]} 13. Be3 b6 14. d5 {[%cal Bd4d5,Bd5d6][%mdl 32]} c4 15. h4 Nc5 16. d6 ({Reject} 16. Bxc4 Nxe4 17. Qb3 Nd6 $15) 16... Qc6 17. Bxc4 Be6 18. Bb5 Qxe4 19. Ng5 Qxh4 20. Be2 {Strongly threatening g3.} Bc4 21. g3 $1 {[%cal Rg3h4]} Bxe2 22. Qxe2 Qh5 ({Avoid the trap} 22... Qh6 $2 23. Ne6 $1 $18 {[%mdl 512]}) 23. Qxh5 gxh5 24. Bxc5 $1 {Hoping for Be3.} bxc5 25. Rfd1 Rfd8 26. Rd5 {[%mdl 1024] White has strong compensation.} Rac8 27. Rad1 Rc6 28. c4 {Threatens to win with Ne4.} Bf8 $1 {[%cal Rc6d6]} 29. d7 ({Don't play} 29. Rxe5 f6 $15) 29... f6 30. Ne4 Kf7 31. f4 exf4 32. gxf4 h4 (32... Rc7 $142) 33. Kg2 $16 a6 {[#]} (33... Rb6 $16) 34. Kh3 $1 $18 h6 (34... Rb6 {was worth a try.} 35. Kxh4 Rb4) 35. Kxh4 Re6 $2 (35... a5 {was called for.} 36. Kg4 Be7) 36. Nxc5 Bxc5 37. Rxc5 {[%mdl 4096] Endgame KRR-KRR} Ke7 38. Rc7 Re4 (38... Rd6 $142) 39. Kg4 f5+ 40. Kxf5 Re6 41. c5 {[%cal Bc4c5,Bc5c6][%mdl 32] White mates.} h5 42. c6 Rf6+ 43. Ke4 h4 44. Rc8 Rff8 45. Rxd8 Kxd8 46. Kf3 Rg8 47. f5 {[%cal Bf4f5,Bf5f6,Bf6f7][%mdl 32]} h3 48. f6 h2 49. f7 Rf8 50. Kg2 {Precision: White = 89%, Black = 43%.} 1-0

[Event "1st Turkish League 2017"]
[Site "Konya"]
[Date "2017.07.23"]
[Round "9"]
[White "Bivol, Alina"]
[Black "Yilmaz, Ezgi"]
[Result "1-0"]
[WhiteElo "2379"]
[BlackElo "1836"]
[Annotator "NA"]
[PlyCount "77"]
[EventType "team-tourn"]
[EventCountry "TUR"]
[SourceTitle "playchess.com"]
[Source "ChessBase"]
[SourceQuality "1"]
[TimeControl "5400+30"]

1. e4 {[%emt 0:00:30]} c5 {[%emt 0:01:00]} 2. Nf3 {[%emt 0:00:00]} Nc6 {[%emt 0:03:30]} 3. d4 {[%emt 0:05:00]} cxd4 {[%emt 0:00:30]} 4. Nxd4 {[%emt 0:00:00]} Nf6 {[%emt 0:00:30]} 5. Nc3 {[%emt 0:00:00]} g6 {[%emt 0:00:30]} 6. Be2 {[%emt 0:01:30]} Bg7 {[%emt 0:00:30]} 7. Nb3 {[%emt 0:00:00]} d6 {[%emt 0:02:30]} 8. O-O {[%emt 0:02:00]} O-O {[%emt 0:00:30]} 9. Re1 {[%emt 0:00:00]} Be6 {[%emt 0:08:30]} 10. Bf1 {[%emt 0:00:00] LiveBook: 282 Games} Ne5 {[%emt 0:03:30]} 11. Nd5 {[%emt 0:13:30]} Rc8 {[%emt 0:04:30]} 12. Bg5 {[%emt 0:04:30] B70: Sicilian Dragon: 6 g3 and 6 Be2 (without a later Be3)} Nc4 {[%emt 0:05:30]} 13. Bxc4 {[%emt 0:05:30]} Rxc4 {[%emt 0:00:30]} 14. Bxf6 {[%emt 0:00:30] [#]} Bxf6 $146 {[%emt 0:05:30]} ({Predecessor:} 14... exf6 15. c3 Rc8 16. Qd3 f5 17. Nf4 fxe4 18. Qxe4 Rc4 19. Nxe6 Rxe4 20. Nxd8 Rxe1+ 21. Rxe1 Rxd8 {1-0 (55) Nepomniachtchi,I (2730)-Jones,G (2635) Warsaw 2011}) 15. Nxf6+ {[%emt 0:01:30]} exf6 {[%emt 0:00:00]} 16. Qd2 {[%emt 0:00:30]} Qc7 {[%emt 0:08:00]} 17. Nd4 {[%emt 0:04:30]} Qb6 {[%emt 0:05:30]} 18. c3 {[%emt 0:00:30]} Rfc8 {[%emt 0:02:30]} 19. Rad1 {[%emt 0:02:30]} Bg4 {[%emt 0:03:30]} 20. f3 {[%emt 0:00:30]} Bd7 {[%emt 0:00:30]} 21. Kh1 {[%emt 0:01:30]} Kg7 {[%emt 0:01:30]} 22. Ne2 {[%emt 0:03:30]} R8c6 {[%emt 0:02:30]} 23. Nf4 {[%emt 0:00:30]} Qd8 {[%emt 0:08:30]} 24. Re3 {[%emt 0:01:30]} Be6 {[%emt 0:18:24]} 25. Rd3 {[%emt 0:03:30]} Ra4 {[%emt 0:01:12]} 26. b3 {[%emt 0:00:30]} Raa6 {[%emt 0:00:38]} 27. c4 {[%emt 0:02:30]} Qb8 {[%emt 0:02:06]} 28. Ne2 {[%emt 0:00:30]} Bd7 {[%emt 0:01:53]} 29. Nc3 {[%emt 0:00:30]} Qd8 {[%emt 0:02:37]} (29... Rc8 $142 30. a4 (30. Rxd6 Rxd6 31. Qxd6 Qxd6 $16) 30... Re8) 30. Qb2 $18 {[%emt 0:05:30]} Be6 {[%emt 0:02:00]} 31. Nb5 {[%emt 0:02:30]} Qa5 {[%emt 0:00:36]} 32. R3d2 {[%emt 0:00:00]} Qb4 {[%emt 0:00:58]} 33. g3 {[%emt 0:03:00]} Qc5 {[%emt 0:01:13]} 34. Rd3 {[%emt 0:02:30]} Rcb6 {[%emt 0:03:33]} 35. Qd2 {[%emt 0:00:30]} Qh5 {[%emt 0:00:08]} 36. Nc7 {[%emt 0:01:30]} Ra5 {[%emt 0:00:32]} 37. Ne8+ {[%emt 0:01:30]} Kf8 {[%emt 0:02:31]} 38. Nxf6 {[%emt 0:00:30]} Qh3 {[%emt 0:00:05]} 39. Qxa5 {[%emt 0:00:30]} 1-0

[Event "1st Turkish League 2017"]
[Site "Konya"]
[Date "2017.07.23"]
[Round "9"]
[White "Gulbas, Cemil"]
[Black "Li, Di"]
[Result "1/2-1/2"]
[WhiteElo "2366"]
[BlackElo "2469"]
[Annotator "TA"]
[PlyCount "70"]
[EventType "team-tourn"]
[EventCountry "TUR"]
[SourceTitle "playchess.com"]
[Source "ChessBase"]
[SourceQuality "1"]

{[%evp 20,70,18,20,43,9,29,26,39,29,42,37,50,46,123,37,33,49,42,27,40,24,53,60,86,65,77,74,76,0,46,44,44,56,229,183,195,202,229,215,260,161,116,0,0,0,0,0,0,0,0,0,0]} 1. e4 e5 2. Nf3 Nc6 3. Bc4 Bc5 4. d3 Nf6 5. O-O O-O 6. Nc3 d6 7. Bg5 h6 8. Bh4 Bg4 9. h3 Bxf3 10. Qxf3 Nd4 11. Qd1 $1 c6 {C50: Hungarian Defence and Giuoco Pianissimo} 12. Ne2 (12. Na4 b5 13. Nxc5 dxc5 14. c3 bxc4 15. cxd4 cxd4 16. f4 exf4 17. e5 g5 18. exf6 Qxf6 19. Bf2 cxd3 20. Qxd3 {½-½ (31) Gouy,F (2162)-Rossi,G (1959) Loire 2004}) 12... Nxe2+ 13. Qxe2 a5 $146 {White has an edge.} ({Predecessor:} 13... Qb6 14. Bxf6 gxf6 15. Bb3 Rfd8 16. Qh5 d5 17. exd5 cxd5 18. Qxh6 e4 19. dxe4 dxe4 {1-0 (29) Piri,T-Nogrady,I Miskolc 2010}) 14. a4 g5 15. Bg3 Nh7 16. c3 Qf6 {[#]} ({Black should try} 16... Re8 $14) 17. Kh1 (17. d4 $1 $16 {[%cal Rd4c5]} exd4 18. e5) 17... Rfe8 $14 18. Rad1 Rad8 19. Qh5 d5 20. Bb3 d4 21. f4 $36 {[%mdl 2048] White has the initiative.} exf4 {[#]} 22. Bxf4 $1 {[%mdl 512]} gxf4 23. Qxc5 Ng5 24. h4 (24. cxd4 $16 f3 25. h4) 24... Re5 25. hxg5 hxg5 26. Qc4 Kg7 $2 (26... g4 $14) 27. Kg1 b5 28. axb5 cxb5 29. Qc7 Rh8 30. cxd4 Re7 31. e5 ({Don't do} 31. Qxa5 Qh6 $18) ({Better is} 31. Qc1 $16) 31... Qh6 $1 $11 {The position is equal.} 32. Qxe7 {[%csl Gb3][%cal Re7f7]} Qh2+ 33. Kf2 Qg3+ 34. Kg1 Qh2+ 35. Kf2 Qg3+ {Precision: White = 41%, Black = 32%.} 1/2-1/2

[Event "1st Turkish League 2017"]
[Site "Konya"]
[Date "2017.07.23"]
[Round "9"]
[White "Dalgar, Hakki Berat"]
[Black "Isik, Alparslan"]
[Result "0-1"]
[WhiteElo "2171"]
[BlackElo "2211"]
[Annotator "NA"]
[PlyCount "153"]
[EventType "team-tourn"]
[EventCountry "TUR"]
[SourceTitle "playchess.com"]
[Source "ChessBase"]
[SourceQuality "1"]
[TimeControl "5400+30"]

1. d4 {[%emt 0:00:30]} g6 {[%emt 0:01:00]} 2. e4 {[%emt 0:00:30]} Bg7 {[%emt 0:00:30]} 3. Nf3 {[%emt 0:00:00]} d6 {[%emt 0:00:00]} 4. Bd3 {[%emt 0:00:00]} Nf6 {[%emt 0:00:00]} 5. O-O {[%emt 0:00:30]} O-O {[%emt 0:00:30]} 6. Nbd2 {[%emt 0:00:00]} c5 {[%emt 0:02:30]} 7. c3 {[%emt 0:00:00]} cxd4 {[%emt 0:08:30]} 8. cxd4 {[%emt 0:00:30]} Nc6 {[%emt 0:00:30] B07: Pirc Defence: Miscellaneous Systems} 9. Re1 {[%emt 0:00:30]} (9. h3 Nh5 10. Nb3 e5 11. Bg5 Qb6 12. d5 Nb4 13. Be3 Qd8 14. Bc4 a5 15. Nbd2 Bd7 16. a3 {½-½ (89) Fedoseev,V (2674)-Kokarev,D (2638) Sochi 2015}) 9... Bd7 {[%emt 0:03:30]} 10. a3 {[%emt 0:03:30]} Rc8 {[%emt 0:01:30]} 11. b4 {[%emt 0:01:30]} Nh5 {[%emt 0:02:30]} 12. Nb3 {[%emt 0:00:30]} Bg4 $146 {[%emt 0:02:30]} ({Predecessor:} 12... a6 13. Be3 Na7 14. Na5 b6 15. Nc4 Nb5 16. Rc1 {0-1 (38) Gonzalez Intelangelo,G (2203)-Todorcevic,M (2463) Las Palmas 2005}) 13. Be3 {[%emt 0:01:30]} e5 {[%emt 0:01:30]} 14. Be2 {[%emt 0:04:30]} Nf4 {[%emt 0:05:30]} 15. Bxf4 {[%emt 0:00:30]} exf4 {[%emt 0:00:30]} 16. Qd2 {[%emt 0:04:30]} Qf6 {[%emt 0:12:30]} 17. Rad1 {[%emt 0:01:30]} Bxf3 {[%emt 0:07:30]} 18. Bxf3 {[%emt 0:00:30]} b5 {[%emt 0:00:30]} 19. e5 {[%emt 0:08:30]} dxe5 {[%emt 0:01:30]} 20. Bxc6 {[%emt 0:00:30]} Qxc6 {[%emt 0:00:30]} 21. dxe5 {[%emt 0:00:30]} Qc3 {[%emt 0:07:30]} 22. Nc5 {[%emt 0:05:30]} Bxe5 {[%emt 0:05:30]} 23. Qe2 {[%emt 0:22:30]} Bg7 {[%emt 0:04:30]} 24. Qxb5 {[%emt 0:04:30]} Qxa3 {[%emt 0:02:30]} 25. Qc4 {[%emt 0:02:30]} (25. Rb1 $17 {keeps fighting.}) 25... a5 {[%emt 0:01:30]} 26. Qxf4 {[%emt 0:02:30]} Qxb4 {[%emt 0:01:30]} 27. Qxb4 {[%emt 0:02:30]} axb4 {[%emt 0:00:00]} 28. Nb3 {[%emt 0:03:30]} Bc3 $17 {[%emt 0:04:00]} 29. Re4 {[%emt 0:01:30]} Rfd8 {[%emt 0:00:30]} 30. Rb1 {[%emt 0:01:30]} Rd5 {[%emt 0:01:30]} 31. Kf1 {[%emt 0:00:30]} Ra8 {[%emt 0:00:30]} 32. Re2 {[%emt 0:09:45]} Rad8 {[%emt 0:00:30]} 33. Rc2 {[%emt 0:00:20]} Kf8 {[%emt 0:00:30]} 34. Rbc1 {[%emt 0:00:50]} Ke7 {[%emt 0:01:30]} 35. Ke2 {[%emt 0:00:10]} Kd6 {[%emt 0:00:30]} 36. Rxc3 {[%emt 0:00:45]} bxc3 {[%emt 0:00:30]} 37. Rxc3 {[%emt 0:00:05]} Re8+ {[%emt 0:00:30]} 38. Kf3 {[%emt 0:00:22]} Rf5+ {[%emt 0:02:30]} 39. Kg3 {[%emt 0:00:03]} Ke7 {[%emt 0:00:30]} 40. Nd4 {[%emt 0:00:52]} Rf6 {[%emt 0:00:30]} 41. Nf3 {[%emt 0:00:43]} Kf8 {[%emt 0:00:30]} 42. Rc2 {[%emt 0:00:18]} Kg7 {[%emt 0:00:30]} 43. Rd2 {[%emt 0:00:15]} Rfe6 {[%emt 0:00:30]} 44. Nd4 {[%emt 0:00:43]} Re4 {[%emt 0:00:30]} 45. f3 {[%emt 0:01:08]} R4e7 {[%emt 0:00:35]} 46. Nc6 {[%emt 0:00:23]} Rc7 {[%emt 0:00:51]} 47. Nd4 {[%emt 0:00:05]} Kg8 {[%emt 0:00:09]} 48. Ne2 {[%emt 0:00:27]} Rec8 {[%emt 0:01:00]} 49. Nf4 {[%emt 0:00:17]} Rc2 {[%emt 0:00:08]} 50. Rd5 {[%emt 0:00:30]} Ra2 {[%emt 0:00:36]} 51. Rd7 {[%emt 0:01:37]} Rcc2 {[%emt 0:01:03]} 52. Kg4 {[%emt 0:01:12]} Kg7 {[%emt 0:06:25]} 53. Rb7 {[%emt 0:02:39]} Ra6 {[%emt 0:02:25]} 54. h4 {[%emt 0:01:46]} h5+ {[%emt 0:01:36]} 55. Kg3 {[%emt 0:00:45]} Rac6 {[%emt 0:01:02]} 56. Rd7 {[%emt 0:00:36]} R2c4 {[%emt 0:00:32]} 57. Nh3 {[%emt 0:01:06]} Rc7 {[%emt 0:00:13]} 58. Rd6 {[%emt 0:00:00]} Ra4 {[%emt 0:01:37]} 59. Ng5 {[%emt 0:00:28]} Ra2 {[%emt 0:00:30]} 60. Nh3 {[%emt 0:00:12]} Rc4 {[%emt 0:00:18]} 61. Rd7 {[%emt 0:00:14]} Rc6 {[%emt 0:01:15]} 62. Ng5 {[%emt 0:03:14]} Rf6 {[%emt 0:00:30]} 63. Ne4 {[%emt 0:00:00]} Re6 {[%emt 0:00:30]} 64. Ng5 {[%emt 0:00:00]} Rf6 {[%emt 0:02:00]} 65. Ne4 {[%emt 0:00:09]} Rfa6 {[%emt 0:00:31]} 66. Ng5 {[%emt 0:01:04]} Ra7 {[%emt 0:00:30]} 67. Rd4 {[%emt 0:00:03]} R2a4 {[%emt 0:00:32]} 68. Rd6 {[%emt 0:00:20]} R4a6 {[%emt 0:00:15]} 69. Rd4 {[%emt 0:00:13]} Re7 {[%emt 0:01:16]} 70. Nh3 {[%emt 0:00:58]} Ra2 {[%emt 0:00:27]} 71. Nf4 {[%emt 0:01:31]} Rb7 {[%emt 0:00:35]} 72. Rc4 {[%emt 0:01:19]} Kh6 {[%emt 0:00:58]} 73. Nh3 {[%emt 0:02:04]} Rba7 {[%emt 0:00:59]} 74. Rb4 {[%emt 0:03:09]} R2a4 {[%emt 0:00:30]} 75. Rb5 {[%emt 0:00:00]} Rc4 {[%emt 0:00:06]} 76. Rb6 {[%emt 0:00:16]} Rca4 {[%emt 0:01:57]} 77. Rb5 {[%emt 0:00:30]} 0-1

[Event "1st Turkish League 2017"]
[Site "Konya"]
[Date "2017.07.23"]
[Round "9"]
[White "Salepci, Osman Firat"]
[Black "Daghan, Devran"]
[Result "1/2-1/2"]
[WhiteElo "2093"]
[BlackElo "2014"]
[Annotator "NA"]
[PlyCount "106"]
[EventType "team-tourn"]
[EventCountry "TUR"]
[SourceTitle "playchess.com"]
[Source "ChessBase"]
[SourceQuality "1"]
[TimeControl "5400+30"]

1. e4 {[%emt 0:00:30]} c5 {[%emt 0:01:00]} 2. c3 {[%emt 0:00:00]} Nc6 {[%emt 0:06:30]} 3. d4 {[%emt 0:00:00]} cxd4 {[%emt 0:00:30]} 4. cxd4 {[%emt 0:00:30]} d5 {[%emt 0:00:00]} 5. exd5 {[%emt 0:02:30]} Qxd5 {[%emt 0:00:00]} 6. Nf3 {[%emt 0:03:30]} e6 {[%emt 0:07:30]} 7. Nc3 {[%emt 0:02:30]} Qd8 {[%emt 0:00:30]} 8. Bd3 {[%emt 0:04:30]} Nf6 {[%emt 0:00:30]} 9. O-O {[%emt 0:00:00]} Be7 {[%emt 0:01:30]} 10. a3 {[%emt 0:04:00]} O-O {[%emt 0:00:30]} 11. Bg5 {[%emt 0:02:30]} h6 {[%emt 0:10:30]} 12. Be3 {[%emt 0:14:30]} b6 {[%emt 0:15:30]} 13. Qe2 {[%emt 0:05:30]} Bb7 {[%emt 0:01:30]} 14. Rad1 {[%emt 0:00:30]} Qc7 {[%emt 0:07:30]} 15. Bb1 {[%emt 0:15:30]} Rfd8 {[%emt 0:17:30]} 16. Nb5 {[%emt 0:15:30]} Qb8 {[%emt 0:10:52]} 17. Rfe1 {[%emt 0:12:00]} a6 {[%emt 0:09:46]} 18. Nc3 {[%emt 0:00:11]} Bf8 {[%emt 0:00:40]} 19. d5 {[%emt 0:05:09]} exd5 {[%emt 0:04:27]} 20. Bxb6 {[%emt 0:01:38]} Rd7 {[%emt 0:00:32]} 21. Qc2 {[%emt 0:03:36]} g6 {[%emt 0:00:45]} 22. Ba2 {[%emt 0:00:02]} Bg7 {[%emt 0:01:05]} 23. Nxd5 {[%emt 0:00:28]} Nxd5 {[%emt 0:00:30]} 24. Rxd5 {[%emt 0:05:55]} Nb4 {[%emt 0:00:27]} 25. Rxd7 {[%emt 0:00:07]} Nxc2 {[%emt 0:00:03]} 26. Bxf7+ {[%emt 0:00:48]} Kh8 {[%emt 0:00:13]} 27. Re8+ {[%emt 0:01:09]} Qxe8 {[%emt 0:00:30]} 28. Bxe8 {[%emt 0:00:30]} Bxf3 {[%emt 0:00:00]} 29. Bxg6 {[%emt 0:00:00]} Bg4 {[%emt 0:00:00]} 30. Rd2 {[%emt 0:00:40]} Na1 {[%emt 0:00:31]} 31. h3 {[%emt 0:00:39]} Be6 {[%emt 0:00:05]} 32. Rd6 {[%emt 0:00:16]} Bg8 {[%emt 0:00:46]} 33. f4 {[%emt 0:00:13]} Bh7 {[%emt 0:00:58]} 34. f5 {[%emt 0:00:59]} Bxg6 {[%emt 0:00:40]} 35. Rxg6 {[%emt 0:00:01]} Rf8 {[%emt 0:00:26]} 36. Be3 {[%emt 0:00:51]} Rf6 {[%emt 0:03:42]} 37. Rxf6 {[%emt 0:00:30]} Bxf6 {[%emt 0:00:30]} 38. Bxh6 {[%emt 0:00:30]} Bxb2 {[%emt 0:00:00]} 39. a4 {[%emt 0:00:00]} Nb3 {[%emt 0:00:00]} 40. Be3 {[%emt 0:00:00]} Kg7 {[%emt 0:00:19]} 41. Kf2 {[%emt 0:00:00]} Kf6 {[%emt 0:00:43]} 42. g4 {[%emt 0:00:00]} Ke5 {[%emt 0:01:40]} 43. Kf3 {[%emt 0:00:15]} Bc1 {[%emt 0:00:12]} 44. Bxc1 {[%emt 0:01:10]} Nxc1 {[%emt 0:00:30]} 45. Ke3 {[%emt 0:00:00]} a5 {[%emt 0:00:33]} 46. Kd2 {[%emt 0:00:45]} Nb3+ {[%emt 0:00:36]} 47. Kc3 {[%emt 0:00:30]} Nc5 {[%emt 0:00:30]} 48. Kc4 {[%emt 0:00:00]} Nxa4 {[%emt 0:00:00]} 49. Kb5 {[%emt 0:00:08]} Nc3+ {[%emt 0:00:26]} 50. Kxa5 {[%emt 0:00:30]} Ne4 {[%emt 0:00:00]} 51. Kb6 {[%emt 0:00:54]} Nf2 {[%emt 0:00:00]} 52. Kc7 {[%emt 0:00:00]} Nxh3 {[%emt 0:00:01]} 53. Kd7 {[%emt 0:00:21]} Nf2 {[%emt 0:00:00]} 1/2-1/2

[Event "1st Turkish League 2017"]
[Site "Konya"]
[Date "2017.07.23"]
[Round "9"]
[White "Korkmaz, Necmettin"]
[Black "Demir, Bilal"]
[Result "1/2-1/2"]
[WhiteElo "2078"]
[BlackElo "2069"]
[Annotator "NA"]
[PlyCount "63"]
[EventType "team-tourn"]
[EventCountry "TUR"]
[SourceTitle "playchess.com"]
[Source "ChessBase"]
[SourceQuality "1"]
[TimeControl "5400+30"]

1. e4 {[%emt 0:00:30]} d6 {[%emt 0:01:00]} 2. Nf3 {[%emt 0:00:30]} e5 {[%emt 0:00:30]} 3. d4 {[%emt 0:00:30]} exd4 {[%emt 0:00:30]} 4. Nxd4 {[%emt 0:00:30]} Nf6 {[%emt 0:00:30]} 5. Nc3 {[%emt 0:00:30]} Be7 {[%emt 0:00:00]} 6. g3 {[%emt 0:00:30]} d5 {[%emt 0:00:00]} 7. e5 {[%emt 0:00:30]} Ng4 {[%emt 0:00:30]} 8. Bg2 {[%emt 0:00:00]} O-O {[%emt 0:01:30]} 9. O-O {[%emt 0:08:00]} Nxe5 {[%emt 0:00:30]} 10. Nxd5 {[%emt 0:02:30]} Bc5 {[%emt 0:00:30]} 11. Bf4 {[%emt 0:02:30]} Bg4 {[%emt 0:07:30]} 12. Qe1 {[%emt 0:04:30]} Bxd4 {[%emt 0:23:30]} 13. Bxe5 {[%emt 0:00:30]} Re8 {[%emt 0:00:30]} 14. Bxc7 {[%emt 0:02:30]} Qd7 {[%emt 0:01:30]} 15. Qb4 {[%emt 0:04:30]} Nc6 {[%emt 0:04:30]} 16. Qxb7 {[%emt 0:00:30]} Rab8 {[%emt 0:07:30]} 17. Qa6 {[%emt 0:08:30]} Be2 {[%emt 0:07:30]} 18. Nf6+ {[%emt 0:05:30]} Bxf6 {[%emt 0:00:30]} 19. Qxc6 {[%emt 0:00:30]} Qxc6 {[%emt 0:04:30]} 20. Bxc6 {[%emt 0:00:00]} Bxf1 {[%emt 0:03:30]} 21. Kxf1 {[%emt 0:10:00]} Rxb2 {[%emt 0:02:30]} 22. Bxe8 {[%emt 0:11:30]} Rxc2 {[%emt 0:00:30]} 23. Rd1 {[%emt 0:15:30]} Rxc7 {[%emt 0:00:30]} 24. Rd7 {[%emt 0:00:00]} Rxd7 {[%emt 0:01:30]} 25. Bxd7 {[%emt 0:02:00]} Kf8 {[%emt 0:00:30]} 26. Ke2 {[%emt 0:00:30]} Ke7 {[%emt 0:00:00]} 27. Bb5 {[%emt 0:00:30]} Bd4 {[%emt 0:00:00]} 28. f4 {[%emt 0:00:30]} h5 {[%emt 0:00:30]} 29. Kf3 {[%emt 0:00:44]} f5 {[%emt 0:00:30]} 30. Bd3 {[%emt 0:01:12]} Kf6 {[%emt 0:00:30]} 31. Bb5 {[%emt 0:00:23]} g6 {[%emt 0:00:30]} 32. Bc4 {[%emt 0:00:00]} 1/2-1/2

[Event "1st Turkish League 2017"]
[Site "Konya"]
[Date "2017.07.23"]
[Round "9"]
[White "Gunduz, Umut Erdem"]
[Black "Kocak, Can"]
[Result "1-0"]
[WhiteElo "2066"]
[BlackElo "1976"]
[Annotator "NA"]
[PlyCount "55"]
[EventType "team-tourn"]
[EventCountry "TUR"]
[SourceTitle "playchess.com"]
[Source "ChessBase"]
[SourceQuality "1"]
[TimeControl "5400+30"]

1. e4 {[%emt 0:00:30]} d6 {[%emt 0:01:00]} 2. d4 {[%emt 0:00:30]} Nf6 {[%emt 0:00:30]} 3. Nc3 {[%emt 0:00:30]} g6 {[%emt 0:00:00]} 4. Nf3 {[%emt 0:01:30]} Bg7 $14 {[%emt 0:00:00]} 5. Bc4 {[%emt 0:01:30]} O-O {[%emt 0:00:00]} 6. Bb3 {[%emt 0:00:30]} c6 {[%emt 0:01:00]} 7. Qe2 {[%emt 0:00:30]} Bg4 {[%emt 0:03:30]} 8. h3 {[%emt 0:02:30]} Bxf3 {[%emt 0:00:30]} 9. Qxf3 {[%emt 0:00:30]} e5 {[%emt 0:00:30]} 10. dxe5 {[%emt 0:00:30]} dxe5 {[%emt 0:00:30]} 11. Be3 {[%emt 0:01:30]} Nbd7 {[%emt 0:00:30]} 12. g4 {[%emt 0:01:30]} Qe7 {[%emt 0:03:30]} 13. h4 {[%emt 0:01:30]} h5 {[%emt 0:01:30]} 14. gxh5 {[%emt 0:01:30]} Nxh5 {[%emt 0:00:00]} 15. Rg1 {[%emt 0:05:30]} Kh7 {[%emt 0:01:00]} 16. O-O-O {[%emt 0:01:30]} Bf6 {[%emt 0:13:30]} 17. Ne2 {[%emt 0:02:30]} Rh8 {[%emt 0:36:30]} 18. Ng3 {[%emt 0:05:30]} Nxg3 {[%emt 0:03:30]} 19. Rxg3 {[%emt 0:00:00]} Bxh4 {[%emt 0:01:30]} 20. Bxf7 {[%emt 0:12:00]} Bxg3 {[%emt 0:00:30]} 21. Bxg6+ {[%emt 0:00:00]} Kxg6 {[%emt 0:06:30]} 22. Qf5+ {[%emt 0:01:00]} Kg7 {[%emt 0:00:30]} 23. Rxd7 {[%emt 0:00:30]} Bh4 {[%emt 0:05:30]} 24. Bg5 {[%emt 0:01:30]} Qxd7 {[%emt 0:01:28]} 25. Qxd7+ {[%emt 0:00:00]} Kg6 {[%emt 0:05:01]} 26. Qf5+ {[%emt 0:00:00]} Kg7 {[%emt 0:00:28]} 27. Qf6+ {[%emt 0:00:00]} Kh7 {[%emt 0:01:00]} 28. Qf7# {[%emt 0:00:00]} 1-0